| 000 | 00820nam a2200205Ia 4500 | ||
|---|---|---|---|
| 003 | GCL | ||
| 008 | 140319s9999 xx 000 0 ara d | ||
| 040 |
_aGCL / _cGCL |
||
| 082 | 0 | 4 |
_a910.3 _bى ك |
| 100 | 1 | _aياقوت الحموى: شهاب الدين ابوعبدالله ياقوت بن عبدالله الرومى البغدادى | |
| 245 | 1 | 0 |
_aكتاب المشترك وصنعا والمفترق صقعا / _cياقوت الحموى: شهاب الدين ابوعبدالله ياقوت بن عبدالله الرومى البغدادى |
| 260 |
_a[S.N] : _bعالم الكتاب ، _c1986 |
||
| 300 | _aمتعدد | ||
| 490 | _a | ||
| 650 | 0 | 4 | _aالمعاجم |
| 650 | 0 | 4 | _aالجغرافيا |
| 650 | 0 | 4 | _aالحضارة الاسلامية |
| 650 | 0 | 4 | _aتقاويم البلدان |
| 942 |
_2ddc _cBK |
||
| 999 |
_c35228 _d35228 |
||